000 00469nam a2200157 i 4500
001 69974
003 ES-MaACL
005 20231227184716.0
007 t|
008 040714s1909 sp ||||1| spa d
100 1 _aGarcía Martí, Victoriano,
_d1881-1966
_954896
245 1 3 _aLa solidaridad regional /
_cVictoriano García Martí.
260 _aMadrid :
_b[s.n.,
_c1909] (
_fTip. de la Revista de Archivos)
852 _aES-MaACL
_jT-1195-F-1
999 _c69974
_d69974